000 00952nab a22002057a 4500
999 _c6445
_d6445
003 OSt
005 20260204100741.0
008 190429b xxu||||| |||| 00| 0 spa d
040 _cPJ
100 _aTerragni, Martiniano
_94402
245 1 3 _aEl principio de especialidad y los diferentes modelos de aplicación en la organización judicial provincial /
_cMartiniano Terragni.
260 _cCiudad Autónoma de Buenos Aires :
_aThomson Reuters La Ley,
_b2024.
300 _ap. 183-200
500 _aCita Online: AR/DOC/2690/2023.
505 _aSumario: I. Introducción.— II. El marco normativo provincial.— III. A modo de conclusión.
505 _tSi te interesa el texto completo, solicitalo a koha@justierradelfuego.gov.ar
650 0 _9343
_aDERECHO PENAL
773 0 _02658
_93164
_tRevista de derecho penal y criminología. Nº 1 - Febrero 2024
_dCiudad Autónoma de Buenos Aires : Thomson Reuters La Ley, 2017-
_x00347914
942 _2udc
_cANA